000 00225 a2200097 4500
001 52513
100 _aGrenville J A S
245 _aWorld History of the 20th Century
260 _aLondon
_bFontana
_c
090 _c33000
_d33000
942 _aNUST-CAE
_cM
_c25560
999 _c287586
_d287586